[Event "Porto Carras Summer Cup"]
[Site "Porto Carras - Greece"]
[Date "2008.07.12"]
[Round "1.1"]
[White "Seferlis, G."]
[Black "Zubarev, A."]
[Result "0-1"]
[WhiteElo "1749"]
[BlackElo "2517"]
[PlyCount "52"]
[EventDate "2008.07.12"]

1. e4 c5 2. Nc3 a6 3. a4 Nc6 4. Nf3 e6 5. d4 cxd4 6. Nxd4 Nf6 7. Nxc6 bxc6 8.
Bg5 Qb6 9. b3 Bb4 10. Bxf6 gxf6 11. Qf3 Qd4 12. Rd1 Qxc3+ 13. Qxc3 Bxc3+ 14.
Ke2 d5 15. Ke3 f5 16. f3 fxe4 17. fxe4 Rg8 18. g3 dxe4 19. Kxe4 c5 20. Rg1 Bb7+
21. Ke3 Bd4+ 22. Rxd4 cxd4+ 23. Kxd4 O-O-O+ 24. Kc3 Rd1 25. Kb2 Rg6 26. Kc3 Rf6
0-1

[Event "Porto Carras Summer Cup"]
[Site "Porto Carras - Greece"]
[Date "2008.07.12"]
[Round "1.2"]
[White "Ris, R."]
[Black "Rabinovich, Y."]
[Result "1-0"]
[WhiteElo "2415"]
[BlackElo "1715"]
[PlyCount "53"]
[EventDate "2008.07.12"]

1. e4 Nc6 2. Nf3 d5 3. exd5 Qxd5 4. Nc3 Qa5 5. Bb5 Bd7 6. d4 e6 7. Bd2 Bb4 8.
Qe2 Nge7 9. O-O O-O 10. a3 Bxc3 11. Bxc3 Qb6 12. b4 Nd5 13. Bd2 Rad8 14. c3
Nce7 15. Bd3 Qd6 16. Ne5 Nc6 17. Nc4 Qe7 18. b5 Nb8 19. Ne5 f6 20. Nxd7 Nxd7
21. c4 N5b6 22. Bb4 c5 23. bxc6 Qf7 24. cxd7 Nxd7 25. Bxf8 Nxf8 26. d5 e5 27.
c5 1-0

[Event "Porto Carras Summer Cup"]
[Site "Porto Carras - Greece"]
[Date "2008.07.12"]
[Round "1.3"]
[White "Shamash, M."]
[Black "Kutirov, R."]
[Result "0-1"]
[WhiteElo "1712"]
[BlackElo "2372"]
[PlyCount "86"]
[EventDate "2008.07.12"]

1. e4 c6 2. d4 d5 3. exd5 cxd5 4. Bd3 Nc6 5. Nf3 Bg4 6. c3 Nf6 7. O-O e6 8. Re1
Bd6 9. Nbd2 Qc7 10. h3 Bh5 11. Nf1 O-O 12. Bg5 Rab8 13. Qd2 Rfe8 14. Bh4 Bg6
15. Bg3 Ne4 16. Bxe4 Bxe4 17. Bxd6 Qxd6 18. Ng5 Bg6 19. Nf3 f6 20. Ne3 Qc7 21.
Nh4 Bf7 22. Nf3 Ne7 23. Rac1 Rbc8 24. Qd1 Qd7 25. Qd2 Rc7 26. Nd1 Nf5 27. Ne3
Nd6 28. Qd1 b6 29. Ra1 h6 30. a4 a5 31. Qb3 Rb8 32. Qc2 Qd8 33. Nd2 Qc8 34. Nb1
b5 35. axb5 Rxb5 36. Qd2 Rcb7 37. Re2 Bh5 38. f3 Bg6 39. Kf2 Qb8 40. c4 Rxb2
41. Qxa5 Rxb1 42. Rxb1 Rxb1 43. cxd5 Ne4+ 0-1

[Event "Porto Carras Summer Cup"]
[Site "Porto Carras - Greece"]
[Date "2008.07.12"]
[Round "1.4"]
[White "Teloudis, A."]
[Black "Zygourakis, T."]
[Result "1-0"]
[WhiteElo "2295"]
[BlackElo "1703"]
[PlyCount "109"]
[EventDate "2008.07.12"]

1. e4 e6 2. d4 d5 3. exd5 exd5 4. Bd3 Nc6 5. Ne2 Bg4 6. Be3 Bd6 7. Nbc3 Nge7 8.
Nb5 O-O 9. Nxd6 Qxd6 10. f3 Bf5 11. O-O Qg6 12. Nf4 Qd6 13. c3 Bxd3 14. Qxd3 a6
15. a4 Ng6 16. g3 Na5 17. Rae1 Qd7 18. Qc2 Nc4 19. Nxg6 hxg6 20. Bf4 b5 21. b3
Nb6 22. a5 Nc8 23. Re3 Ne7 24. Rfe1 Rfe8 25. Qe2 Kf8 26. g4 Rac8 27. b4 Ng8 28.
Rxe8+ Rxe8 29. Qxe8+ Qxe8 30. Rxe8+ Kxe8 31. Bxc7 Kd7 32. Be5 f6 33. Bf4 Ke6
34. Kf2 g5 35. Bd2 Ne7 36. f4 gxf4 37. Bxf4 Ng6 38. Bg3 Nf8 39. h4 Nd7 40. h5
Nf8 41. Kf3 Nh7 42. Bh4 Nf8 43. Kf4 g5+ 44. Bxg5 fxg5+ 45. Kxg5 Nh7+ 46. Kg6
Nf6 47. h6 Nd7 48. Kg7 Nf6 49. h7 Nxh7 50. Kxh7 Kf6 51. Kh6 Kf7 52. g5 Kg8 53.
Kg6 Kh8 54. Kf7 Kh7 55. g6+ 1-0

[Event "Porto Carras Summer Cup"]
[Site "Porto Carras - Greece"]
[Date "2008.07.12"]
[Round "1.5"]
[White "Theoharidis, G."]
[Black "Kanakaris, G."]
[Result "0-1"]
[WhiteElo "1675"]
[BlackElo "2284"]
[PlyCount "108"]
[EventDate "2008.07.12"]

1. e4 e6 2. d4 d5 3. Nc3 Bb4 4. exd5 Qxd5 5. Qg4 g6 6. Bd2 Bxc3 7. Bxc3 Nf6 8.
Qf4 Qe4+ 9. Ne2 Qxf4 10. Nxf4 Nd5 11. Bd2 f6 12. O-O-O Kf7 13. Bc4 c6 14. Rhe1
Bd7 15. Re2 b5 16. Bd3 Rc8 17. Rde1 Nxf4 18. Bxf4 Na6 19. Bd6 Nc7 20. f4 Ne8
21. Bc5 Ng7 22. g4 Re8 23. Kd2 Kg8 24. h4 e5 25. f5 gxf5 26. gxf5 Bxf5 27. Bxf5
Nxf5 28. dxe5 Nxh4 29. Kc3 Rxe5 30. Rxe5 fxe5 31. Rxe5 Ng6 32. Re6 Rc8 33. Bxa7
Kf7 34. Rd6 h5 35. Bg1 Nf4 36. Bh2 Ne6 37. Kd2 Rg8 38. Kc3 c5 39. Rd5 h4 40.
Rf5+ Kg6 41. Re5 Kf6 42. Rh5 Rg4 43. Bd6 Rc4+ 44. Kd3 Rd4+ 45. Ke3 Rxd6 46.
Rxh4 Nd4 47. Rh6+ Ke5 48. Rxd6 Kxd6 49. c3 Nc6 50. Ke4 Ke6 51. b3 Ne5 52. a4 c4
53. b4 bxa4 54. b5 a3 0-1

[Event "Porto Carras Summer Cup"]
[Site "Porto Carras - Greece"]
[Date "2008.07.12"]
[Round "1.6"]
[White "Nikolaidis, K."]
[Black "Menato, N."]
[Result "1-0"]
[WhiteElo "2279"]
[BlackElo "1621"]
[PlyCount "43"]
[EventDate "2008.07.12"]

1. e4 d5 2. exd5 Qxd5 3. Nc3 Qa5 4. d4 Nf6 5. Bc4 c6 6. Qe2 Bg4 7. f3 Bh5 8.
Bd2 Qb6 9. O-O-O Qxd4 10. g4 Nxg4 11. fxg4 Bxg4 12. Nf3 e6 13. Nxd4 Bxe2 14.
Ncxe2 Nd7 15. Rhf1 Ne5 16. Bb3 O-O-O 17. Bf4 Ng4 18. Nxe6 Rd7 19. Rxd7 Kxd7 20.
Rd1+ Ke7 21. Bd6+ Kf6 22. Rf1+ 1-0

[Event "Porto Carras Summer Cup"]
[Site "Porto Carras - Greece"]
[Date "2008.07.12"]
[Round "1.7"]
[White "Malikentzou, N."]
[Black "Klimentov, R."]
[Result "0-1"]
[WhiteElo "1609"]
[BlackElo "2271"]
[PlyCount "84"]
[EventDate "2008.07.12"]

1. Nf3 c5 2. e4 d6 3. d4 cxd4 4. Nxd4 Nf6 5. Nc3 g6 6. f3 Bg7 7. Be3 Nc6 8. Qd2
O-O 9. g4 Nxd4 10. Bxd4 Be6 11. h4 Qa5 12. a3 Rfc8 13. O-O-O Rab8 14. Nb5 Qxd2+
15. Rxd2 a6 16. Nc3 b5 17. e5 Ne8 18. exd6 Nxd6 19. Bxg7 Kxg7 20. Be2 b4 21.
axb4 Rxb4 22. Nd5 Ra4 23. Kb1 Rb8 24. Nxe7 Ba2+ 25. Kc1 Nb5 26. Bxb5 axb5 27.
Rhd1 Bc4 28. b3 Ra1+ 29. Kb2 Rxd1 30. Rxd1 Be2 31. Rd4 Bxf3 32. Ka3 b4+ 33. Kb2
Re8 34. Nd5 Rd8 35. Rxb4 Bxd5 36. c4 Be6 37. c5 Rc8 38. Rb5 Bxg4 39. b4 h6 40.
Rb6 Bf3 41. Kb3 g5 42. hxg5 hxg5 0-1

[Event "Porto Carras Summer Cup"]
[Site "Porto Carras - Greece"]
[Date "2008.07.12"]
[Round "1.8"]
[White "Pavlidis, Anastasios"]
[Black "Mitridis, D."]
[Result "1-0"]
[WhiteElo "2270"]
[BlackElo "1579"]
[PlyCount "89"]
[EventDate "2008.07.12"]

1. e4 g6 2. d4 Bg7 3. Nf3 d6 4. Bd3 Nd7 5. O-O c5 6. c3 e6 7. Na3 a6 8. Bg5 Qc7
9. Qa4 Ngf6 10. Nb5 Qb8 11. Nxd6+ Qxd6 12. e5 Qc6 13. Qxc6 bxc6 14. exf6 Nxf6
15. dxc5 Nd7 16. Be3 f5 17. Bd4 Bxd4 18. cxd4 O-O 19. Bc4 Re8 20. b4 Kg7 21.
Ne5 Nxe5 22. dxe5 Rd8 23. Rfd1 Bd7 24. Rd3 a5 25. Rad1 Ra7 26. b5 cxb5 27. Bxb5
Bxb5 28. Rxd8 Rc7 29. Rc1 Kf7 30. c6 h5 31. f4 Rxc6 32. Rd7+ Kf8 33. Rxc6 Bxc6
34. Rd6 Bd5 35. Rxd5 exd5 36. Kf2 Ke7 37. Ke3 Kd7 38. Kd4 Kc6 39. h4 a4 40. a3
Kc7 41. Kxd5 Kd7 42. e6+ Ke8 43. Kd6 Kd8 44. g3 Ke8 45. e7 1-0

[Event "Porto Carras Summer Cup"]
[Site "Porto Carras - Greece"]
[Date "2008.07.13"]
[Round "2.1"]
[White "Zubarev, A"]
[Black "Kafetzopoulos, A"]
[Result "1-0"]
[WhiteElo "2517"]
[BlackElo "2049"]
[PlyCount "85"]
[EventDate "2008.07.12"]

1. d4 Nf6 2. Nf3 e6 3. c4 c5 4. d5 b5 5. Bg5 exd5 6. cxd5 d6 7. e4 a6 8. a4 Be7
9. Bxf6 Bxf6 10. Qc2 Qa5+ 11. Nbd2 O-O 12. Be2 Bb7 13. O-O Qb4 14. axb5 axb5
15. Qb3 Ra4 16. Qxb4 Rxb4 17. Ra7 Bc8 18. b3 Bg4 19. Rb7 Bxf3 20. gxf3 Bg5 21.
Rd1 Bxd2 22. Rxd2 Rxb3 23. Bxb5 c4 24. Rc2 c3 25. Kf1 g5 26. Ke2 Rc8 27. Kd3
Kg7 28. Bd7 Rxb7 29. Bxc8 Rc7 30. Rxc3 Rxc3+ 31. Kxc3 Kf6 32. Kc4 Ke7 33. Bf5
Na6 34. Bxh7 Kf6 35. Kb5 Nc5 36. f4 gxf4 37. h4 Nd3 38. Kc6 Nxf2 39. Kxd6 Ng4
40. Bf5 Ne5 41. Kc7 f3 42. d6 f2 43. Bh3 1-0

[Event "Porto Carras Summer Cup"]
[Site "Porto Carras - Greece"]
[Date "2008.07.13"]
[Round "2.3"]
[White "Kutirov, R"]
[Black "Rigo, G"]
[Result "0-1"]
[WhiteElo "2372"]
[BlackElo "2016"]
[PlyCount "54"]
[EventDate "2008.07.12"]

1. d4 Nf6 2. c4 e6 3. Nf3 Bb4+ 4. Bd2 Qe7 5. Nc3 b6 6. a3 Bxc3 7. Bxc3 Bb7 8.
Nd2 O-O 9. b3 Ng4 10. e4 f5 11. Qe2 Qg5 12. h4 Qh6 13. e5 d6 14. exd6 cxd6 15.
O-O-O Na6 16. Re1 e5 17. f3 exd4 18. Bxd4 Rfe8 19. fxg4 Rxe2 20. Bxe2 Qf4 21.
Bc3 Nc5 22. Rhf1 Qg3 23. Kc2 Re8 24. Nf3 fxg4 25. Nd4 Bxg2 26. Bf3 Rxe1 27.
Bxe1 Qh2 0-1

[Event "Porto Carras Summer Cup"]
[Site "Porto Carras - Greece"]
[Date "2008.07.13"]
[Round "2.4"]
[White "Walseth, T"]
[Black "Teloudis, A"]
[Result "1-0"]
[WhiteElo "1988"]
[BlackElo "2295"]
[PlyCount "101"]
[EventDate "2008.07.12"]

1. d4 Nf6 2. c4 g6 3. Nf3 Bg7 4. Nc3 O-O 5. e4 d6 6. Be2 e5 7. O-O Nc6 8. d5
Ne7 9. Ne1 Ne8 10. Be3 f5 11. f3 f4 12. Bf2 g5 13. Nd3 h5 14. c5 Rf7 15. Rc1
Bh6 16. cxd6 cxd6 17. Nb5 Rg7 18. Nxa7 g4 19. Nxc8 Nxc8 20. fxg4 f3 21. Bxf3
Bxc1 22. Nxc1 hxg4 23. Bxg4 Qg5 24. Be6+ Kh8 25. Qf3 Ne7 26. Be3 Qh4 27. Bb6
Ng6 28. Nd3 Rxa2 29. g3 Qh7 30. Qe2 Nc7 31. Rf5 Ra1+ 32. Ne1 Nxe6 33. dxe6 Nf4
34. Rxf4 exf4 35. Bd4 f3 36. Qe3 Qh3 37. Bxg7+ Kg8 38. Kf2 Qxh2+ 39. Kxf3 Qh5+
40. Kf2 Qh2+ 41. Ng2 Qg1+ 42. Kf3 Rf1+ 43. Kg4 Qxg2 44. Bf6 Rxf6 45. Qg5+ Kh7
46. Qxf6 Qxe4+ 47. Kg5 Qe3+ 48. Qf4 Qe2 49. Qf5+ Kg7 50. Qf7+ Kh8 51. Qh5+ 1-0

[Event "Porto Carras Summer Cup"]
[Site "Porto Carras - Greece"]
[Date "2008.07.13"]
[Round "2.5"]
[White "Kanakaris, G"]
[Black "Xaxiris, E"]
[Result "1-0"]
[WhiteElo "2284"]
[BlackElo "1983"]
[PlyCount "109"]
[EventDate "2008.07.12"]

1. d4 Nf6 2. c4 e6 3. Nf3 Bb4+ 4. Bd2 Qe7 5. g3 Nc6 6. Bg2 Bxd2+ 7. Nbxd2 d6 8.
O-O O-O 9. e4 e5 10. d5 Nb8 11. Ne1 a5 12. Nd3 Na6 13. f4 Nd7 14. f5 f6 15. h4
Ndc5 16. Nf2 c6 17. Nf3 Bd7 18. Qe2 cxd5 19. cxd5 Qd8 20. Kh2 Qb6 21. Rfe1 Rac8
22. Bf1 Nb4 23. a3 Nba6 24. g4 Nb3 25. Rab1 a4 26. Nd1 Nac5 27. Nc3 Nd4 28. Qf2
Ncb3 29. Red1 Rc7 30. Bd3 Qc5 31. Nd2 Nxd2 32. Rxd2 b5 33. Rg1 b4 34. axb4 Qxb4
35. Nb1 Bb5 36. Bxb5 Qxb5 37. Na3 Qb4 38. Rg3 Rc1 39. g5 Nb3 40. Re2 Nd4 41.
Ree3 Nb3 42. gxf6 Rxf6 43. Qg2 Rc7 44. Rc3 Nc5 45. Nc4 Rh6 46. Kh3 Rf7 47. Rg4
Kf8 48. Qe2 g6 49. Qe3 Rh5 50. Nxd6 Rc7 51. fxg6 hxg6 52. Rxg6 Rch7 53. Qf2+
Ke7 54. Qf6+ Kd7 55. Nf5 1-0

[Event "Porto Carras Summer Cup"]
[Site "Porto Carras - Greece"]
[Date "2008.07.13"]
[Round "2.6"]
[White "Csonka, Balazs"]
[Black "Nikolaidis, K"]
[Result "0-1"]
[WhiteElo "1954"]
[BlackElo "2279"]
[PlyCount "86"]
[EventDate "2008.07.12"]

1. e4 c5 2. Nf3 d6 3. d4 cxd4 4. Nxd4 Nf6 5. Nc3 Nc6 6. Bg5 Bd7 7. Qd2 Rc8 8.
O-O-O Nxd4 9. Qxd4 Qa5 10. Bxf6 gxf6 11. Kb1 Qc5 12. f4 Qxd4 13. Rxd4 f5 14.
Rb4 b6 15. Bb5 fxe4 16. Rxe4 Rc5 17. Bxd7+ Kxd7 18. Rhe1 Rg8 19. g3 Rh5 20.
R4e2 Rg6 21. Rd1 Re6 22. Rxe6 Kxe6 23. Rd2 Bg7 24. Ne4 h6 25. Re2 Kf5 26. c4
Kg4 27. Kc2 b5 28. Nd2 e6 29. b3 bxc4 30. Nxc4 Kf3 31. Rd2 d5 32. Nd6 f5 33.
Ne8 Bf8 34. Nc7 Rh3 35. Nxe6 Bb4 36. Rxd5 Rxh2+ 37. Kd3 Rd2+ 38. Kc4 Rxd5 39.
Kxd5 Kxg3 40. Ke5 Kg4 41. Nc7 Bc3+ 42. Kd6 h5 43. Nd5 Bd4 0-1

[Event "Porto Carras Summer Cup"]
[Site "Porto Carras - Greece"]
[Date "2008.07.13"]
[Round "2.7"]
[White "Klimentov, R"]
[Black "Tsevremes, I"]
[Result "1-0"]
[WhiteElo "2271"]
[BlackElo "1953"]
[PlyCount "41"]
[EventDate "2008.07.12"]

1. e4 e5 2. Nf3 Nf6 3. Nxe5 d6 4. Nf3 Nxe4 5. Nc3 Nxc3 6. dxc3 Be7 7. Be3 Nc6
8. Qd2 Bg4 9. Nd4 Nxd4 10. Qxd4 Bf5 11. O-O-O O-O 12. g4 Be6 13. c4 c5 14. Qe4
Qa5 15. a3 a6 16. Bd3 g6 17. h4 b5 18. h5 bxc4 19. hxg6 hxg6 20. Bxc4 d5 21.
Qe5 1-0

[Event "Porto Carras Summer Cup"]
[Site "Porto Carras - Greece"]
[Date "2008.07.13"]
[Round "2.8"]
[White "Koroteeva, Ksenia"]
[Black "Pavlidis, Anastasios"]
[Result "0-1"]
[WhiteElo "1943"]
[BlackElo "2270"]
[PlyCount "138"]
[EventDate "2008.07.12"]

1. e4 c5 2. Nf3 d6 3. d4 Nf6 4. Nc3 cxd4 5. Nxd4 a6 6. Bc4 e6 7. Be3 b5 8. Bb3
Be7 9. f4 b4 10. Na4 Nxe4 11. O-O Nc5 12. f5 Nxb3 13. Nxb3 Bg5 14. Bd4 Nc6 15.
Bxg7 Rg8 16. f6 Ne5 17. Qh5 h6 18. Rae1 Bb7 19. Re2 Bc6 20. Nac5 Bb5 21. Nd3
Qb6+ 22. Kh1 O-O-O 23. Qh3 Nc4 24. Qf3 Bc6 25. Qf2 Qxf2 26. Rfxf2 e5 27. Nxb4
Bb7 28. Nd3 Rge8 29. Rf1 Ne3 30. Rfe1 Nf5 31. Na5 Ba8 32. c3 Nxg7 33. fxg7 Rg8
34. Nc4 Kc7 35. Nb4 Rxg7 36. Nxa6+ Kc6 37. Nb4+ Kc5 38. b3 Bh4 39. Rd1 f6 40.
Red2 d5 41. Na6+ Kb5 42. Nb4 dxc4 43. Rxd8 Bxg2+ 44. Kg1 Bh3+ 45. Kh1 Bg2+ 46.
Kg1 cxb3 47. axb3 Bh3+ 48. Kh1 Bg2+ 49. Kg1 Bf3+ 50. Kf1 Bxd1 51. Rxd1 Rc7 52.
Rd5+ Rc5 53. Rxc5+ Kxc5 54. Ke2 f5 55. Ke3 Bg5+ 56. Ke2 e4 57. Nc2 f4 58. Nd4
Kd5 59. Kf2 Bf6 60. Ne2 f3 61. Ng1 Bh4+ 62. Kf1 Ke5 63. b4 Be7 64. Kf2 Kf4 65.
Nh3+ Kg4 66. Ng1 Bf6 67. Ke3 Bxc3 68. h3+ Kg3 69. Kxe4 f2 0-1

[Event "Porto Carras Summer Cup"]
[Site "Porto Carras - Greece"]
[Date "2008.07.13"]
[Round "3.1"]
[White "Makropoulou, M"]
[Black "Zubarev, A"]
[Result "0-1"]
[WhiteElo "2244"]
[BlackElo "2517"]
[PlyCount "76"]
[EventDate "2008.07.12"]

1. e4 c5 2. Nf3 d6 3. d4 cxd4 4. Nxd4 Nf6 5. Nc3 Nc6 6. Bg5 e6 7. Qd2 a6 8.
O-O-O Bd7 9. f3 b5 10. Nxc6 Bxc6 11. Ne2 h6 12. Be3 e5 13. Nc3 Be7 14. Kb1 O-O
15. g4 b4 16. Nd5 Bxd5 17. exd5 Nd7 18. h4 a5 19. Bd3 Nb6 20. Bxh6 Rb8 21. Bg5
Nxd5 22. Bh7+ Kxh7 23. Qxd5 f6 24. Be3 a4 25. g5 Qe8 26. gxf6 Rxf6 27. Bg5 Rf7
28. f4 Bf8 29. h5 exf4 30. Rde1 Qd7 31. Re6 Rb5 32. Qe4+ Kh8 33. Rg6 Qf5 34.
Qf3 b3 35. axb3 axb3 36. Rc1 bxc2+ 37. Rxc2 Rc7 38. Qe2 Rbc5 0-1

[Event "Porto Carras Summer Cup"]
[Site "Porto Carras - Greece"]
[Date "2008.07.13"]
[Round "3.2"]
[White "Ris, R"]
[Black "Pountzas, H"]
[Result "1/2-1/2"]
[WhiteElo "2415"]
[BlackElo "2202"]
[PlyCount "151"]
[EventDate "2008.07.12"]

1. e4 c5 2. Nf3 g6 3. c3 Bg7 4. Na3 Nf6 5. e5 Ng4 6. d4 cxd4 7. cxd4 O-O 8. Be2
d5 9. O-O Nc6 10. h3 Nh6 11. Bf4 f6 12. Qd2 Nf7 13. exf6 exf6 14. Nb5 g5 15.
Bc7 Qe7 16. Bh2 Bf5 17. Rfe1 Qd7 18. Nc3 Bh6 19. Qd1 Rfe8 20. Qb3 Rad8 21. Bb5
Rxe1+ 22. Rxe1 Bf8 23. a3 Kg7 24. Qd1 Bd6 25. Bxd6 Nxd6 26. Qa4 Be4 27. Bxc6
bxc6 28. Nd2 Bd3 29. Qd1 Re8 30. Rxe8 Qxe8 31. Nb3 Bf5 32. Nc5 Bc8 33. b3 h5
34. Kf1 h4 35. Qd3 Qe7 36. Qe2 Qxe2+ 37. Kxe2 Nf5 38. Kd3 Ne7 39. Ne2 Ng6 40.
Ke3 Kf7 41. Kf3 Ke7 42. b4 Kd6 43. a4 Ne7 44. Ke3 Ng6 45. f4 Bf5 46. Kf3 Bc8
47. g4 hxg3 48. fxg5 fxg5 49. Kxg3 Ne7 50. Nb3 Nf5+ 51. Kf3 Nh4+ 52. Kg3 Nf5+
53. Kf2 Nh4 54. Ng1 Bf5 55. Nc5 Bc8 56. Nd3 Bf5 57. Ne5 Be6 58. Nef3 Nxf3 59.
Kxf3 Kc7 60. Ke3 Kb6 61. Nf3 Bxh3 62. Nxg5 Bg4 63. Kd2 a5 64. bxa5+ Kxa5 65.
Nf7 Bd7 66. Ne5 Be8 67. Kc3 Kxa4 68. Nd3 Ka5 69. Nc5 Bg6 70. Ne6 Bf5 71. Nc5
Kb5 72. Nb3 Bc8 73. Nc5 Kb6 74. Kb4 Ba6 75. Nd7+ Kc7 76. Nc5 1/2-1/2

[Event "Porto Carras Summer Cup"]
[Site "Porto Carras - Greece"]
[Date "2008.07.13"]
[Round "3.3"]
[White "Gamback, B"]
[Black "Kanakaris, G"]
[Result "0-1"]
[WhiteElo "2203"]
[BlackElo "2284"]
[PlyCount "64"]
[EventDate "2008.07.12"]

1. Nf3 Nf6 2. c4 g6 3. b4 Bg7 4. Bb2 O-O 5. e3 d6 6. Be2 c5 7. bxc5 dxc5 8. O-O
b6 9. d3 Bb7 10. Nbd2 Nc6 11. Nb3 Qc7 12. a4 a5 13. d4 Ne4 14. Qc1 Nb4 15. d5
Bxb2 16. Qxb2 Rae8 17. Nbd2 Nxd2 18. Qxd2 e6 19. e4 exd5 20. exd5 Qd6 21. Ra3
Bc8 22. Re1 Bf5 23. Bd1 Rxe1+ 24. Qxe1 Qf4 25. Rc3 Kg7 26. h3 Bd7 27. Ne5 Bf5
28. Bg4 Re8 29. Re3 Nc2 30. Qc3 Nxe3 31. Nc6+ f6 32. g3 Qxc4 0-1

[Event "Porto Carras Summer Cup"]
[Site "Porto Carras - Greece"]
[Date "2008.07.13"]
[Round "3.4"]
[White "Nikolaidis, K"]
[Black "Jevtic, Mir"]
[Result "1-0"]
[WhiteElo "2279"]
[BlackElo "2174"]
[PlyCount "55"]
[EventDate "2008.07.12"]

1. d4 Nf6 2. c4 e6 3. Nc3 Bb4 4. e3 O-O 5. Nge2 d5 6. a3 Be7 7. Nf4 b6 8. cxd5
exd5 9. Bd3 Bb7 10. Qf3 Bd6 11. O-O c6 12. Bd2 Ba6 13. Bxa6 Nxa6 14. Rfe1 Bxf4
15. exf4 c5 16. Rad1 cxd4 17. Nb5 Qd7 18. Nxd4 Ne4 19. Qe2 Nc7 20. f3 Nxd2 21.
Qxd2 Rfe8 22. Re5 f6 23. Ree1 Rxe1+ 24. Rxe1 Re8 25. h3 Rxe1+ 26. Qxe1 g6 27.
Qc3 Kg7 28. Qxc7 1-0

[Event "Porto Carras Summer Cup"]
[Site "Porto Carras - Greece"]
[Date "2008.07.13"]
[Round "3.5"]
[White "Valden, P"]
[Black "Klimentov, R"]
[Result "1-0"]
[WhiteElo "2193"]
[BlackElo "2271"]
[PlyCount "120"]
[EventDate "2008.07.12"]

1. Nf3 c5 2. c4 b6 3. g3 Bb7 4. Bg2 Nf6 5. O-O e6 6. Nc3 Be7 7. d4 cxd4 8. Qxd4
d6 9. Rd1 a6 10. b3 Nbd7 11. e4 O-O 12. Ba3 Nc5 13. e5 dxe5 14. Qxd8 Rfxd8 15.
Nxe5 Bxg2 16. Kxg2 Rdc8 17. Na4 Rab8 18. Nxc5 Bxc5 19. Bxc5 Rxc5 20. f4 g6 21.
Rd6 Rb7 22. Rad1 Kg7 23. Kf3 h5 24. h3 Rc8 25. g4 hxg4+ 26. hxg4 g5 27. fxg5
Nh7 28. Kf4 Nf8 29. Ke4 Ng6 30. Rd7 Rxd7 31. Rxd7 Nxe5 32. Kxe5 Rc5+ 33. Kd6
Rxg5 34. Kc6 e5 35. Kxb6 Rg6+ 36. Kb7 e4 37. c5 e3 38. Re7 Re6 39. Rxe6 fxe6
40. c6 e2 41. c7 e1=Q 42. c8=Q a5 43. Qc7+ Kg6 44. Qf4 Qb1 45. Qe5 Qxa2 46.
Qxe6+ Kg7 47. Kb6 Qa3 48. Qc4 Qa1 49. Qc7+ Kf6 50. Qd8+ Ke6 51. Qe8+ Kd6 52.
Qg6+ Kd7 53. Qf5+ Kd6 54. Qc5+ Kd7 55. g5 Qa2 56. Qd5+ Ke8 57. Qe6+ Kd8 58. g6
Qf2+ 59. Kxa5 Qa7+ 60. Kb5 Qd4 1-0

[Event "Porto Carras Summer Cup"]
[Site "Porto Carras - Greece"]
[Date "2008.07.13"]
[Round "3.6"]
[White "Pavlidis, Anastasios"]
[Black "Papadopoulos, Agathagg"]
[Result "1-0"]
[WhiteElo "2270"]
[BlackElo "2091"]
[PlyCount "93"]
[EventDate "2008.07.12"]

1. e4 e5 2. Nf3 Nc6 3. Bb5 Nf6 4. O-O Nxe4 5. d4 Nd6 6. Bxc6 dxc6 7. dxe5 Nf5
8. Qxd8+ Kxd8 9. Nc3 Ke8 10. h3 Ne7 11. Re1 Ng6 12. Ne4 Be7 13. b3 a5 14. a4 h5
15. Bb2 Be6 16. Nfg5 Bxg5 17. Nxg5 h4 18. Nxe6 fxe6 19. Rad1 Rd8 20. Rxd8+ Kxd8
21. Re4 Ne7 22. Rd4+ Kc8 23. Bc3 Nf5 24. Rc4 Rd8 25. Kf1 Rd5 26. Ke2 Kd7 27.
Rf4 b6 28. Rf3 c5 29. g4 hxg3 30. fxg3 Ke7 31. g4 Nh4 32. Re3 Ng6 33. Re4 Ke8
34. Be1 Rxe5 35. Rxe5 Nxe5 36. Bg3 Nd7 37. Bxc7 Ke7 38. Kd3 e5 39. c4 Kf7 40.
Ke4 Ke6 41. g5 g6 42. h4 Kf7 43. Bxe5 Nxe5 44. Kxe5 Ke7 45. Kf4 Kf7 46. Kg4 Kg7
47. h5 1-0

[Event "Porto Carras Summer Cup"]
[Site "Porto Carras - Greece"]
[Date "2008.07.13"]
[Round "3.7"]
[White "Malikentzos, S"]
[Black "Mihailidis, Anastasios"]
[Result "0-1"]
[WhiteElo "2063"]
[BlackElo "2265"]
[PlyCount "68"]
[EventDate "2008.07.12"]

1. d4 d5 2. Nf3 Nf6 3. c4 e6 4. g3 Bb4+ 5. Bd2 Be7 6. Bg2 O-O 7. O-O c6 8. Qc2
Nbd7 9. Bf4 a5 10. Nbd2 Nh5 11. Ne5 Nxe5 12. Bxe5 f6 13. Bf4 Nxf4 14. gxf4 dxc4
15. e3 e5 16. fxe5 fxe5 17. dxe5 b5 18. Bxc6 Ra6 19. Bg2 Rg6 20. Ne4 Bf5 21. f3
Qd5 22. a4 Qxe5 23. axb5 Bd6 24. Rf2 Qxh2+ 25. Kf1 Rxg2 26. Rxg2 Bh3 27. Nxd6
Qh1+ 28. Ke2 Qxg2+ 29. Kd1 Qxf3+ 30. Qe2 Qd5+ 31. Qd2 Rf1+ 32. Kc2 Qxd2+ 33.
Kxd2 Rxa1 34. b6 Ra4 0-1

[Event "Porto Carras Summer Cup"]
[Site "Porto Carras - Greece"]
[Date "2008.07.13"]
[Round "3.8"]
[White "Robertsen, Thomas"]
[Black "Walseth, Tron"]
[Result "1/2-1/2"]
[WhiteElo "2259"]
[BlackElo "1988"]
[PlyCount "63"]
[EventDate "2008.07.12"]

1. e4 c5 2. Nf3 d6 3. d4 cxd4 4. Nxd4 Nf6 5. Nc3 a6 6. Bc4 e6 7. Bb3 Nbd7 8. f4
Nc5 9. O-O Be7 10. e5 dxe5 11. fxe5 Nxb3 12. axb3 Nd5 13. Ne4 Qc7 14. Nf3 f5
15. Nd6+ Bxd6 16. exd6 Qxd6 17. Kh1 Qb6 18. Ne5 O-O 19. Rf3 Qc7 20. Qe2 b5 21.
c4 bxc4 22. bxc4 Nf6 23. Bf4 Bb7 24. Rh3 Qc5 25. Rf1 Be4 26. Qe1 Rab8 27. b3
Qd4 28. Qg3 Qb2 29. Rg1 Qc2 30. Qe3 Ng4 31. Nxg4 fxg4 32. Rg3 1/2-1/2

[Event "Porto Carras Summer Cup"]
[Site "Porto Carras - Greece"]
[Date "2008.07.14"]
[Round "4.2"]
[White "Kanakaris, G"]
[Black "Valden, P"]
[Result "1-0"]
[WhiteElo "2284"]
[BlackElo "2193"]
[PlyCount "109"]
[EventDate "2008.07.12"]

1. d4 Nf6 2. c4 c5 3. d5 b5 4. cxb5 a6 5. f3 axb5 6. e4 Qa5+ 7. Bd2 b4 8. Na3
d6 9. Nc4 Qd8 10. Bd3 e6 11. dxe6 Bxe6 12. Bf4 d5 13. exd5 Nxd5 14. Ne2 Be7 15.
Bg3 O-O 16. O-O Nd7 17. Qc2 g6 18. Nf4 Nxf4 19. Bxf4 Nb6 20. Rfd1 Nxc4 21. Bxc4
Qb6 22. Qe4 Bf6 23. Rd6 Bd4+ 24. Kh1 Qa7 25. Bxe6 fxe6 26. Be5 Rad8 27. Rxe6
Qf7 28. Bxd4 Rxd4 29. Qe2 Rfd8 30. Re1 Rd2 31. Qe5 Rd1 32. h3 Rxe1+ 33. Qxe1
Rd1 34. Qxd1 Qxe6 35. Qd8+ Kf7 36. Qc7+ Kf6 37. Qxc5 Qe1+ 38. Qg1 Qd2 39. Qb1
h5 40. b3 h4 41. Qe4 g5 42. Kg1 Qd1+ 43. Kf2 Qd2+ 44. Qe2 Qd4+ 45. Kf1 Qa1+ 46.
Qe1 Qd4 47. Ke2 Qe5+ 48. Kf1 Qd4 49. Qc1 Qd3+ 50. Ke1 Qd4 51. Ke2 Kf5 52. Qc8+
Kf4 53. Qg4+ Ke5 54. Qxg5+ Ke6 55. Qe3+ 1-0

[Event "Porto Carras Summer Cup"]
[Site "Porto Carras - Greece"]
[Date "2008.07.14"]
[Round "4.4"]
[White "Demuth, M"]
[Black "Ris, R"]
[Result "1/2-1/2"]
[WhiteElo "2252"]
[BlackElo "2415"]
[PlyCount "46"]
[EventDate "2008.07.12"]

1. Nc3 d5 2. e4 c6 3. Qf3 dxe4 4. Nxe4 Nd7 5. d4 Ngf6 6. c3 Nxe4 7. Qxe4 Nf6 8.
Qc2 Qd5 9. Nf3 Bf5 10. Bd3 Bxd3 11. Qxd3 Qe4+ 12. Qxe4 Nxe4 13. O-O e6 14. Re1
Nf6 15. Bf4 Be7 16. a4 a5 17. Ne5 Nd5 18. Bg3 O-O 19. Nc4 Rfd8 20. Kf1 Rd7 21.
Ne5 Rdd8 22. Nc4 Rd7 23. Ne5 Rdd8 1/2-1/2

[Event "Porto Carras Summer Cup"]
[Site "Porto Carras - Greece"]
[Date "2008.07.14"]
[Round "4.5"]
[White "Pountzas, H"]
[Black "Robertsen, Thomas"]
[Result "0-1"]
[WhiteElo "2202"]
[BlackElo "2259"]
[PlyCount "64"]
[EventDate "2008.07.12"]

1. Nf3 c5 2. c4 Nc6 3. Nc3 e5 4. e3 d6 5. d4 cxd4 6. exd4 Bg4 7. Be2 Nf6 8. Be3
Be7 9. h3 Bh5 10. O-O O-O 11. Qd2 Bg6 12. Rfd1 Ne4 13. Nxe4 Bxe4 14. d5 Nb8 15.
c5 Nd7 16. Qb4 Nxc5 17. Bxc5 Bxf3 18. Bxf3 dxc5 19. Qxb7 Bd6 20. Qa6 f5 21. g3
e4 22. Bg2 Qf6 23. Qe2 Rae8 24. Rac1 f4 25. Bxe4 fxg3 26. f3 g2 27. Rc2 Qf4 28.
Qxg2 Re5 29. Kh1 Rg5 30. Qf1 Rf6 31. Rg2 Rh6 32. Kg1 Rxh3 0-1